000 00611cam a22002293a 4500
001 5832
003 PGUSA
005 20140828083125.0
008 040601s2004||||xxu|||||s|||||000 1 eng d
040 _aPGUSA
_beng
042 _adc
050 4 _aPR
100 1 _aAllen, Grant,
_d1848-1899
245 1 0 _aRecalled to Life
_h[electronic resource] /
_cGrant Allen
260 _bProject Gutenberg,
_c2004
506 _aPublic domain in the USA.
516 _aElectronic text
653 _aCrime -- Fiction
830 0 _aProject Gutenberg
_v5832
856 4 0 _uhttp://www.gutenberg.org/ebooks/5832
942 _cEB
999 _c235160
_d235160